Library of the University of Algiers 3
Ibrahim Sultan Cheibout
شعار جامعة الجزائر 3
مكتبة جامعة الجزائر 3
إبراهيم سلطان شيبوط

نظم الجودة ومتطلبات تسويق الخدمات التعليمية / (رقم التسجيلة. 44426)

تفاصيل مارك
000 -LEADER
fixed length control field 01294nam a2200253Ia 4500
003 - CONTROL NUMBER IDENTIFIER
control field Ost
005 - DATE AND TIME OF LATEST TRANSACTION
control field 20260507075412.0
008 - FIXED-LENGTH DATA ELEMENTS--GENERAL INFORMATION
fixed length control field 260507s9999||||xx |||||||||||||| ||und||
020 ## - INTERNATIONAL STANDARD BOOK NUMBER
International Standard Book Number 6114410977
040 ## - CATALOGING SOURCE
Transcribing agency fsecg
041 ## - LANGUAGE CODE
Language code of text/sound track or separate title ara
082 ## - DEWEY DECIMAL CLASSIFICATION NUMBER
Classification number 330
100 ## - MAIN ENTRY--PERSONAL NAME
Personal name أحمد، لمياء محمد
Relator term مؤلف
245 #0 - TITLE STATEMENT
Title نظم الجودة ومتطلبات تسويق الخدمات التعليمية /
Statement of responsibility, etc. لمياء محمد أحمد
260 ## - PUBLICATION, DISTRIBUTION, ETC.
Place of publication, distribution, etc. القاهرة:
Name of publisher, distributor, etc. المكتبة العصرية للنشر والتوزيع,
Date of publication, distribution, etc. 2009
300 ## - PHYSICAL DESCRIPTION
Extent 421 صفحة؛
Other physical details إيضاحات ؛
Dimensions 25 سم
504 ## - BIBLIOGRAPHY, ETC. NOTE
Bibliography, etc. note المراجع ص.299 الملاحق ص.315
520 ## - SUMMARY, ETC.
Summary, etc. يضم مصطلحات ودراسات أساسية، ثقافة الجودة والمعايير، تساؤلات حول الجودة والإعتماد في التعليم، مستقبل نظم الإعتماد المؤسسي للجامعات المصرية دراسة حالة، دليل استراتيجي لتوسيع نطاق جودة الخدمات الجامعية
653 ## - INDEX TERM--UNCONTROLLED
Uncontrolled term التعليم الجامعي
653 ## - INDEX TERM--UNCONTROLLED
Uncontrolled term التعليم- ضبط الجودة
653 ## - INDEX TERM--UNCONTROLLED
Uncontrolled term الجامعات والكليات- تقييم
700 ## - ADDED ENTRY--PERSONAL NAME
Personal name علي، سعيد إسماعيل
Relator term مؤلف ثانوي
942 ## - ADDED ENTRY ELEMENTS (KOHA)
Koha item type كتب
المقتنيات
Withdrawn status Lost status Source of classification or shelving scheme Damaged status Not for loan Home library Current library Date acquired Serial enumeration / chronology Inventory number Total checkouts Full call number Barcode Date last seen Price effective from Koha item type
    Dewey Decimal Classification   NOT LOAN / إعارة داخلية مكتبة كلية العلوم الإقتصادية والعلوم التجارية وعلوم التسيير مكتبة كلية العلوم الإقتصادية والعلوم التجارية وعلوم التسيير 07/05/2026 الطابق الأرضي 27218   أ/4493ن1 27218 07/05/2026 07/05/2026 كتب
    Dewey Decimal Classification   Available مكتبة كلية العلوم الإقتصادية والعلوم التجارية وعلوم التسيير مكتبة كلية العلوم الإقتصادية والعلوم التجارية وعلوم التسيير 07/05/2026 الطابق الأرضي 27219   أ/4493ن2 27219 07/05/2026 07/05/2026 كتب
    Dewey Decimal Classification   Available مكتبة كلية العلوم الإقتصادية والعلوم التجارية وعلوم التسيير مكتبة كلية العلوم الإقتصادية والعلوم التجارية وعلوم التسيير 07/05/2026 الطابق الثاني 27220   أ/4493ن3 27220 07/05/2026 07/05/2026 كتب

موارد الويب المفتوحة


© University of Algiers 3 All Rights Reserved
|
Implemented by LECHELAH Riad